000 01059nam a2200301 i 4500
003 EG-GICUC
005 20260427093744.0
008 260427s1827 fr fr|||| 000 0 fre d
040 _aEG-GiCUC
_bfre
_cEG-GiCUC
_dEG-GiCUC
_eRda
041 0 _afre
082 0 4 _221
_a343.4
_bLO . L
092 0 4 _221
099 _aLaw1 10 343.4 LO . L 1 ed - 1827
100 1 _a Locré, Baron.
_eAuteur
245 1 2 _a La législation civile, commerciale et criminelle de la France, ou, Commentaire et complément des codes français /
_cpar M. le Baron Locré.
250 _a Tome Cinquième.
264 _a Paris ;
_a Strasbourg et Londres :
_bTreuttel et Würtz ;
_b Même Maison de Commerce,
_c1827.
300 _a607 page :
_c 24 cm.
336 _2rda contenu
_a texte
337 _2rda medias
_aOrdinateur
338 _2 transporteur rda
_a Ressource en ligne
546 _aTexte en français
650 1 4 _aDroit pénal.
_2qrmak
651 1 _2qrmak
856 4 0 _uhttps://fll.law.cu.edu.eg/fulltext/bks/B10-11631.pdf
905 _a171
942 _2ddc
_cBK
_e21
_n0
999 _c73573
_d73573